000 00496nam a22001575i 4500
001 53725
003 ES-MaACL
007 t|
008 960704s1875 sp ||||1| spa d
040 _aCAM
_bspa
_cCAM
100 1 _aFernández de Fígares, Manuel.
_949658
245 1 0 _aManual de física y nociones de química /
_cpor Manuel Fernandez de Fígares.
260 _aGranada :
_blibrería de los Sres. Viuda e hijos de Zamora,
_c1875.
300 _a600 p. ;
_c22 cm.
852 _aES-MaACL
_jG-14815
999 _c53725
_d53725